| 000 | 00855nam a22002177a 4500 | ||
|---|---|---|---|
| 005 | 20120128175147.0 | ||
| 008 | 120128t xxu||||| |||| 00| 0 eng d | ||
| 020 |
_a8187631813 _cRs 150.00 |
||
| 035 | _aB-10407 | ||
| 040 |
_aDPL _bENG |
||
| 100 |
_aRaizada, G. R. and others _940307 |
||
| 245 |
_aArchana's N.T.S.C. guide : _bBased on latest syllabus _cby G. R. Raizada et al. |
||
| 260 |
_aGurgaon _bArchna Publication (p) Ltd. _c2001 |
||
| 300 |
_avarious pages _c26 cms. |
||
| 700 |
_aMalhotra, S. K. _940308 |
||
| 700 |
_aBatra, J. K. _940309 |
||
| 700 |
_aBajaj, S. K. _940310 |
||
| 942 |
_2ddc _cEN _h000 _mRAI |
||
| 999 |
_c61618 _d61618 |
||